| 000 | 00739nam a22002057a 4500 | ||
|---|---|---|---|
| 005 | 20171121155456.0 | ||
| 008 | 171121b xxu||||| |||| 00| 0 eng d | ||
| 010 | _aENG-121514 | ||
| 020 |
_a9788178213917 _c995.00 |
||
| 035 | _aEN-105046 | ||
| 037 | _bDBAD/PUB | ||
| 082 | _a335.424 | ||
| 100 |
_929676 _aTrautmann,Thomas.R |
||
| 245 |
_aElephants and king's : _cby Thomas R. Trautmann _ban environmental history / |
||
| 260 |
_aRanikhet _bPermanent Black _c2015 |
||
| 270 |
_a'Himalayana', mall road, Ranikhet cantt, _bRanikhet _e263645 |
||
| 300 |
_axvi,374p. _c23cm (Hb) |
||
| 500 | _aincludes bibliographical references and index | ||
| 942 |
_2ddc _cEN _mTRA _h355.424 |
||
| 999 |
_c147608 _d147608 |
||